Southville International School and Colleges
Your cart is empty.
  • Cart
  • Lists
    Public lists Eva Luna New books Lux_list list_1
    Your lists Log in to create your own lists
  • Log in to your account
  • Your cookies
  • Search history
Southville International School and Colleges
  • Advanced search
  • Recent comments
  • Most popular
  • Libraries

Log in to your account

Log in with GOOGLE


If you do not have an external account, but do have a local account, you can still log in:

  1. Home
  2. MARC view: Events and urban regeneration :
Normal view MARC view ISBD view

Events and urban regeneration : (Record no. 276835)

[ view plain ]
MARC details
000 -LEADER
fixed length control field 01606cam a2200313 a 4500
001 - CONTROL NUMBER
control field 16885633
005 - DATE AND TIME OF LATEST TRANSACTION
control field 20141120081839.0
008 - FIXED-LENGTH DATA ELEMENTS--GENERAL INFORMATION
fixed length control field 110722s2012 enkab b 001 0 eng
010 ## - LIBRARY OF CONGRESS CONTROL NUMBER
LC control number 2011029058
020 ## - INTERNATIONAL STANDARD BOOK NUMBER
International Standard Book Number 9780415581479 (hbk : alk. paper)
020 ## - INTERNATIONAL STANDARD BOOK NUMBER
International Standard Book Number 9780415581486 (pbk : alk. paper)
020 ## - INTERNATIONAL STANDARD BOOK NUMBER
International Standard Book Number 9780203136997 (ebk)
040 ## - CATALOGING SOURCE
Original cataloging agency DLC
Transcribing agency DLC
Modifying agency DLC
042 ## - AUTHENTICATION CODE
Authentication code pcc
050 00 - LIBRARY OF CONGRESS CALL NUMBER
Classification number HT 170
Item number .Sm547 2012
082 00 - DEWEY DECIMAL CLASSIFICATION NUMBER
Classification number 307.3/416
100 1# - MAIN ENTRY--PERSONAL NAME
Personal name Smith, Andrew,
Dates associated with a name 1975 June 25-
245 10 - TITLE STATEMENT
Title Events and urban regeneration :
Remainder of title the strategic use of events to revitalise cities /
Statement of responsibility, etc Andrew Smith.
260 ## - PUBLICATION, DISTRIBUTION, ETC. (IMPRINT)
Place of publication, distribution, etc London ;
-- New York :
Name of publisher, distributor, etc Routledge,
Date of publication, distribution, etc 2012.
300 ## - PHYSICAL DESCRIPTION
Extent xvi, 302 pages :
Other physical details illustrations, maps ;
Dimensions 24 cm.
504 ## - BIBLIOGRAPHY, ETC. NOTE
Bibliography, etc Includes bibliographical references and indexes.
505 0# - FORMATTED CONTENTS NOTE
Formatted contents note An introduction to events and urban regeneration -- Towards a theoretical and critical understanding of event regeneration -- The evolution of event regeneration strategies -- Event venues and urban regeneration -- Events and the parallel physical regeneration of cities -- Events and social regeneration : from social impacts to social leverage -- Events and new directions for post-industrial cities -- Events and tourism development in post-industrial cities -- Delivering event regeneration -- Conclusions.
650 #0 - SUBJECT ADDED ENTRY--TOPICAL TERM
Topical term or geographic name as entry element Urban renewal.
650 #0 - SUBJECT ADDED ENTRY--TOPICAL TERM
Topical term or geographic name as entry element City promotion.
650 #0 - SUBJECT ADDED ENTRY--TOPICAL TERM
Topical term or geographic name as entry element Festivals.
906 ## - LOCAL DATA ELEMENT F, LDF (RLIN)
a 7
b cbc
c orignew
d 1
e ecip
f 20
g y-gencatlg
942 ## - ADDED ENTRY ELEMENTS (KOHA)
Source of classification or shelving scheme Library of Congress Classification
Koha item type Books
Call number prefix Foreign
Holdings
Withdrawn status Lost status Source of classification or shelving scheme Damaged status Home library Current library Shelving location Date acquired Source of acquisition Cost, normal purchase price Sub Shelving location Total Checkouts Full call number Barcode Date last seen Price effective from Koha item type
    Library of Congress Classification   College Library College Library Reserve Section 11/20/2014 Library Fund 2982.00     HT 170 .Sm547 2012 C18954 05/15/2018 11/20/2014 Books

Events and urban regeneration :

APA

Smith A., . (2012). Events and urban regeneration. London: Routledge.

Chicago

Smith Andrew, . 2012. Events and urban regeneration. London: Routledge.

Harvard

Smith A., . (2012). Events and urban regeneration. London: Routledge.

MLA

Smith Andrew, . Events and urban regeneration. London: Routledge. 2012.

  • Place hold
  • Print
  • Cite
  • Add to your cart (remove)
  • Save record
    BIBTEX Dublin Core MARCXML MARC (non-Unicode/MARC-8) MARC (Unicode/UTF-8) MARC (Unicode/UTF-8, Standard) MODS (XML) RIS
  • More searches
    Search for this title in:
    Other Libraries (WorldCat) Other Databases (Google Scholar) Online Stores (Bookfinder.com) Open Library (openlibrary.org)

Exporting to Dublin Core...

SOUTHVILLE LIBRARY

Southville International School and Colleges Library

1281 Tropical Ave. Cor. Luxembourg St., BF Homes International, Las Pinas City

Tel. No. 8256374 / 252358 Loc. 117/146

Powered by Koha